SUFI ARU SUFIBAD (Record no. 8363)
[ view plain ]
| 000 -LEADER | |
|---|---|
| fixed length control field | 00380cam a2200169ua 4500 |
| 008 - FIXED-LENGTH DATA ELEMENTS--GENERAL INFORMATION | |
| fixed length control field | 120423n II |||gr||||Z||||||asm |
| 040 ## - CATALOGING SOURCE | |
| Original cataloging agency | MAIN |
| 041 ## - LANGUAGE CODE | |
| -- | English |
| 082 ## - DEWEY DECIMAL CLASSIFICATION NUMBER | |
| Classification number | 297 MAL |
| 100 ## - MAIN ENTRY--PERSONAL NAME | |
| Personal name | MALIK , SYED ABDUL . |
| 245 ## - TITLE STATEMENT | |
| Title | SUFI ARU SUFIBAD |
| 260 ## - PUBLICATION, DISTRIBUTION, ETC. | |
| Place of publication, distribution, etc. | [s.l: |
| Name of publisher, distributor, etc. | s.n.] |
| Date of publication, distribution, etc. | 1987. |
| 300 ## - PHYSICAL DESCRIPTION | |
| Extent | 88. |
| 942 ## - ADDED ENTRY ELEMENTS (KOHA) | |
| Koha item type | Books |
| 653 ## - INDEX TERM--UNCONTROLLED | |
| Uncontrolled term | Islam, Babism & Bahai Faith |
| Withdrawn status | Lost status | Damaged status | Not for loan | Collection code | Home library | Current library | Shelving location | Date acquired | Full call number | Barcode | Date last seen | Copy number | Price effective from | Koha item type |
|---|---|---|---|---|---|---|---|---|---|---|---|---|---|---|
| REFHIS | Central Library and Information Centre Sibsagar Girls College | Central Library and Information Centre Sibsagar Girls College | Religious Books | 20.04.1983 | 297 MAL | 07527 | 27.02.2020 | 1 | 27.02.2020 | Books |